000 00886nam a22002417a 4500
005 20240530110528.0
008 160309s2013 ua g b 000 0 ara d
017 _a2012/9978
_bمصر . دار الكتب المصرية
020 _a9789774102786
040 _aEG-CaGPL
082 0 4 _221
_a239.7\
_bع س
100 0 _aعزة زكريا مختار
245 1 2 _aالسيدة عائشة و مائة هدية للامة /
_cعزة زكريا مختار
250 _aط1
260 _aالقاهرة :
_bالمكتبة العصرية للنشر و التوزيع ،
_c2013 .
300 _a268 ص ؛
_c24 سم .
504 _aيشتمل على ارجاعات ببليوجرافية
600 0 4 _aعائشة بنت ابى بكر
650 0 4 _aزوجات النبى
650 0 4 _aاهل بيت الرسول
942 _2ddc
_cBK
999 _c62033
_d62033